| 000 | 01113nam a22002777a 4500 | ||
|---|---|---|---|
| 001 | BD-DhSAU | ||
| 003 | BD-DhSAU | ||
| 005 | 20241230153747.0 | ||
| 008 | 150420b2005 bg ||||| m||| 00| 0 eng d | ||
| 040 | _aBD-DhSAU | ||
| 082 |
_222 _a571.92 _bSh17 |
||
| 100 |
_aSULTANA, SHARMIN _eRegistration No. # 21-010071 |
||
| 245 |
_aEvaluation of the status of commercial hybrids maize in response to transmit the viruses causing maize lethal necrosis disease (mlnd) / _bMS thesis |
||
| 260 |
_aSher-e-Bangla Agricultural University: _bDepartment of Plant Pathology, _c2023. |
||
| 300 |
_ax, 57p. ; _c30 cm. |
||
| 500 | _aMS thesis of Department of Plant Pathology, Faculty of Agriculture , Sher-e-Bangla Agricultural University, Dhaka, Bangladesh | ||
| 504 | _aIncludes bibliographical reference. | ||
| 590 | _aNazmul | ||
| 650 | _ahybrids maize | ||
| 651 | _atransmit the viruses causing | ||
| 654 | _amaize lethal necrosis disease (mlnd) | ||
| 700 |
_aProfessor Dr. Md. Belal Hossain _eSuperviser |
||
| 700 |
_aProfessor Dr. Khadija Akhter _eCo-superviser |
||
| 942 |
_2ddc _cTHESIS |
||
| 999 |
_c17731 _d17730 |
||